[Event "53rd World U20 ch"]
[Site "Pune IND"]
[Date "2014.10.18"]
[Round "12.64"]
[White "Raivath, Mallela"]
[Black "Sai Agni Jeevitesh, J."]
[Result "0-1"]
[WhiteElo "1070"]
[BlackElo "2068"]
[EventDate "2014.10.06"]
[PlyCount "62"]

1.d4 Nf6 2.c4 d6 3.Nc3 Nbd7 4.e4 e5 5.Nf3 Be7 6.Be3 O-O 7.Be2 c6 8.O-O a6 
9.h3 Qc7 10.Rc1 b6 11.Qc2 Bb7 12.Rfd1 Rfe8 13.a3 Bf8 14.b4 Rac8 15.Bd3 g6 
16.Na4 exd4 17.Bxd4 c5 18.bxc5 bxc5 19.Bxf6 Nxf6 20.Re1 Qa5 21.Ra1 Bg7 22.
Ra2 Nh5 23.g3 f5 24.Nd2 Bd4 25.Kg2 Re7 26.f3 Rce8 27.Re2 Bc6 28.Nb2 Qc7 
29.Nd1 d5 30.Nf1 dxe4 31.fxe4 fxe4 0-1

[Event "53rd World U20 ch"]
[Site "Pune IND"]
[Date "2014.10.18"]
[Round "12.65"]
[White "Reddy, Ananta"]
[Black "Taalaibekov, Tagir"]
[Result "0-1"]
[WhiteElo "1420"]
[BlackElo "1948"]
[EventDate "2014.10.06"]
[PlyCount "98"]

1.c4 c5 2.g3 Nc6 3.Bg2 e5 4.Nc3 d6 5.d3 g6 6.Nf3 Bg7 7.O-O Nge7 8.Rb1 O-O 
9.a3 a5 10.Bd2 h6 11.Ne1 f5 12.f4 Be6 13.Nd5 Rb8 14.b4 axb4 15.axb4 b5 16.
Nxe7+ Nxe7 17.cxb5 Rxb5 18.bxc5 Rxc5 19.Be3 Rc8 20.Bb7 Rc3 21.Bg2 Nd5 22.
Bd2 Rc5 23.Rc1 Rxc1 24.Qxc1 Qb6+ 25.Kh1 Rc8 26.Qa3 exf4 27.gxf4 Bb2 28.Qa4
Nf6 29.h3 Nh5 30.Kh2 g5 31.Nf3 Bb3 32.Qb4 Qxb4 33.Bxb4 Nxf4 34.Ng1 Be5 35.
Kh1 Nh5 36.Be1 Rc2 37.Bf3 Nf4 38.Bf2 h5 39.Be3 Ne6 40.Bxh5 g4 41.hxg4 Bd5+
42.Nf3 Rxe2 43.Bg1 Re1 44.Kg2 Nf4+ 45.Kf2 Nxd3+ 46.Kg2 Nf4+ 47.Kf2 Rxf1+ 
48.Kxf1 Bxf3 49.Kf2 fxg4 0-1

[Event "53rd World U20 ch"]
[Site "Pune IND"]
[Date "2014.10.19"]
[Round "13.2"]
[White "Dragun, Kamil"]
[Black "Fedoseev, Vladimir"]
[Result "1/2-1/2"]
[WhiteElo "2546"]
[BlackElo "2661"]
[EventDate "2014.10.06"]
[PlyCount "79"]

1.d4 Nf6 2.c4 e6 3.Nf3 Bb4+ 4.Bd2 Qe7 5.g3 Bxd2+ 6.Qxd2 Nc6 7.Nc3 d5 8.
cxd5 exd5 9.Bg2 O-O 10.O-O Rd8 11.Rfe1 Bf5 12.Qf4 Be4 13.Rac1 a6 14.a3 h6 
15.Na4 Rd6 16.Nc5 b6 17.Nd3 Nd8 18.b4 a5 19.Qd2 Ne6 20.b5 Rdd8 21.Qc3 Qe8 
22.a4 Bh7 23.Bh3 Ne4 24.Qc6 N4g5 25.Nxg5 Nxg5 26.Qxe8+ Rxe8 27.Bg2 Bxd3 
28.exd3 Rxe1+ 29.Rxe1 Rd8 30.Rc1 Rd7 31.Rc6 Kf8 32.f4 Nh7 33.Kf2 Ke8 34.g4
Nf6 35.Bf3 Ng8 36.g5 hxg5 37.Bg4 Rd6 38.Rxd6 cxd6 39.fxg5 Kf8 40.Kg3 
1/2-1/2

[Event "53rd World U20 ch"]
[Site "Pune IND"]
[Date "2014.10.19"]
[Round "13.3"]
[White "Indic, Aleksandar"]
[Black "Lu Shanglei"]
[Result "0-1"]
[WhiteElo "2554"]
[BlackElo "2533"]
[EventDate "2014.10.06"]
[PlyCount "62"]

1.d4 f5 2.Nc3 Nf6 3.Bg5 d5 4.e3 g6 5.h4 Bg7 6.h5 Be6 7.h6 Bf8 8.f4 Bf7 9.
Nf3 e6 10.Ne2 Be7 11.Nc1 Ng4 12.Qd2 O-O 13.Bxe7 Qxe7 14.Nd3 Nd7 15.Nf2 
Ndf6 16.c3 c5 17.Nxg4 Ne4 18.Qc2 fxg4 19.Ne5 cxd4 20.exd4 Be8 21.Qc1 Ng3 
22.Rh2 g5 23.Bd3 Rxf4 24.Qd2 Ba4 25.b3 Raf8 26.Qe3 Nf1 27.Qg1 Nxh2 28.Qxh2
Qc7 29.Kd2 Rf2+ 30.Be2 Rxe2+ 31.Kxe2 Qxc3 0-1

[Event "53rd World U20 ch"]
[Site "Pune IND"]
[Date "2014.10.19"]
[Round "13.4"]
[White "Vidit, Santosh Gujrathi"]
[Black "Ducarmon, Quinten"]
[Result "1-0"]
[WhiteElo "2635"]
[BlackElo "2487"]
[EventDate "2014.10.06"]
[PlyCount "93"]

1.d4 d5 2.c4 c6 3.Nf3 Nf6 4.e3 Bf5 5.Nc3 e6 6.Nh4 Be4 7.f3 Bg6 8.Qb3 Qc7 
9.Bd2 Be7 10.Nxg6 hxg6 11.O-O-O dxc4 12.Bxc4 a6 13.Ne4 Nxe4 14.fxe4 c5 15.
Kb1 Nc6 16.d5 exd5 17.Bxd5 O-O-O 18.Bxf7 Rxh2 19.Rxh2 Qxh2 20.Bd5 Nb4 21.
Bxb4 cxb4 22.Qc4+ Kb8 23.Qd4 Bf6 24.Qxb4 Rd7 25.a4 Rc7 26.Ka2 Qxg2 27.e5 
Be7 28.Qxb7+ Rxb7 29.Bxg2 Rc7 30.Kb3 a5 31.Bd5 Bb4 32.e4 Re7 33.e6 Rc7 34.
Rg1 Kc8 35.Rxg6 Kd8 36.Rg5 Ke8 37.Bc4 Kd8 38.Bb5 Re7 39.Bd7 Kc7 40.Kc4 Kd6
41.Kb5 Kc7 42.Ka6 Be1 43.Rc5+ Kd6 44.Rd5+ Kc7 45.e5 g5 46.Rc5+ Kb8 47.Rc8#
1-0

[Event "53rd World U20 ch"]
[Site "Pune IND"]
[Date "2014.10.19"]
[Round "13.5"]
[White "Cori Tello, Jorge"]
[Black "Karthikeyan, Murali"]
[Result "0-1"]
[WhiteElo "2612"]
[BlackElo "2495"]
[EventDate "2014.10.06"]
[PlyCount "62"]

1.c4 e5 2.Nc3 Nc6 3.g3 f5 4.Bg2 Nf6 5.e3 Bb4 6.Nge2 O-O 7.O-O d6 8.Na4 d5 
9.cxd5 Nxd5 10.a3 Be7 11.b4 Be6 12.Bb2 a6 13.Rc1 Qd7 14.Nc5 Bxc5 15.Rxc5 
Rad8 16.Qa1 f4 17.Bf3 b6 18.Rxc6 Qxc6 19.gxf4 Bh3 20.Bxe5 Bxf1 21.Qxf1 Rf7
22.Ng3 Qc2 23.d4 Nf6 24.Be2 b5 25.Bd3 Qb3 26.Nf5 Ng4 27.Be4 g6 28.Ng3 Nxe5
29.fxe5 Rdf8 30.Nh1 Qxe3 31.Bd5 Qxd4 0-1

[Event "53rd World U20 ch"]
[Site "Pune IND"]
[Date "2014.10.19"]
[Round "13.6"]
[White "Oparin, Grigory"]
[Black "Narayanan, Srinath"]
[Result "0-1"]
[WhiteElo "2552"]
[BlackElo "2443"]
[EventDate "2014.10.06"]
[PlyCount "94"]

1.e4 c5 2.Nf3 d6 3.d4 Nf6 4.Nc3 cxd4 5.Nxd4 a6 6.h3 e6 7.g4 Be7 8.g5 Nfd7 
9.h4 Nc6 10.Be3 Qc7 11.f4 b5 12.a3 Bb7 13.Qd2 Rc8 14.Rh3 Nc5 15.Bg2 Na5 
16.Qf2 Nc4 17.Bc1 d5 18.exd5 exd5 19.b3 Nb6 20.Bb2 Ne6 21.f5 Nf4 22.O-O-O 
Nxh3 23.Bxh3 O-O 24.f6 Bxa3 25.Bxa3 Qxc3 26.Bxc8 Nc4 27.Kb1 Nxa3+ 28.Ka2 
Rxc8 29.Kxa3 b4+ 30.Ka4 Qb2 31.Ka5 Qc3 32.Nf5 Rc5+ 33.Kb6 Rb5+ 34.Ka7 Qc7 
35.Ne7+ Kf8 36.fxg7+ Kxg7 37.Qf6+ Kf8 38.Qh8+ Kxe7 39.Qf6+ Kf8 40.Qh8+ Ke7
41.Qf6+ Kd7 42.Qxf7+ Kc6 43.Qf6+ Qd6 44.c4 bxc3 45.Qxc3+ Qc5+ 46.Qxc5+ 
Kxc5 47.h5 Rxb3 0-1

[Event "53rd World U20 ch"]
[Site "Pune IND"]
[Date "2014.10.19"]
[Round "13.7"]
[White "Bai Jinshi"]
[Black "Ghosh, Diptayan"]
[Result "1/2-1/2"]
[WhiteElo "2406"]
[BlackElo "2508"]
[EventDate "2014.10.06"]
[PlyCount "109"]

1.d4 Nf6 2.c4 g6 3.g3 c6 4.Nf3 d5 5.b3 Bg7 6.Bg2 O-O 7.O-O Bf5 8.Bb2 Nbd7 
9.e3 Ne4 10.Qe2 a5 11.Nc3 Nb6 12.a4 Nxc3 13.Bxc3 dxc4 14.bxc4 Be6 15.Nd2 
c5 16.Qd3 Bf5 17.Be4 cxd4 18.exd4 Bxe4 19.Qxe4 Qc8 20.c5 Rd8 21.Nb3 Nd5 
22.Bxa5 Rd7 23.Bd2 Qc6 24.Na5 Qf6 25.Nb3 Qc6 26.a5 Nc3 27.Qxc6 Ne2+ 28.Kg2
bxc6 29.Be3 Rb7 30.Ra3 Nc3 31.Nd2 Nb5 32.Ra4 Nc3 33.Rc4 Nd5 34.Ra4 Nc3 35.
Raa1 Rb4 36.Rfc1 Nb5 37.Rc4 Rxc4 38.Nxc4 Nxd4 39.a6 Nb5 40.Nb6 Ra7 41.Ra5 
Bc3 42.Rxb5 cxb5 43.c6 Bf6 44.c7 Rxc7 45.Nd5 Rc2 46.a7 Ra2 47.Nb4 Ra4 48.
Bb6 Bc3 49.Nc6 Ra6 50.Nxe7+ Kf8 51.Nc6 b4 52.Nb8 Ra2 53.Nc6 Ra6 54.Nb8 Ra2
55.Nc6 1/2-1/2

[Event "53rd World U20 ch"]
[Site "Pune IND"]
[Date "2014.10.19"]
[Round "13.8"]
[White "Bok, Benjamin"]
[Black "Tari, Aryan"]
[Result "1-0"]
[WhiteElo "2591"]
[BlackElo "2450"]
[EventDate "2014.10.06"]
[PlyCount "71"]

1.e4 e5 2.Nf3 Nc6 3.Bb5 Nf6 4.O-O Nxe4 5.d4 Nd6 6.Bxc6 dxc6 7.dxe5 Nf5 8.
Qxd8+ Kxd8 9.h3 Bd7 10.Rd1 Kc8 11.g4 Ne7 12.Ng5 Be8 13.f4 h5 14.Kf2 b6 15.
f5 c5 16.Bf4 Nc6 17.Nc3 Nd4 18.Nd5 Nxc2 19.Rac1 c6 20.e6 cxd5 21.exf7 Bc6 
22.Rxc2 hxg4 23.hxg4 Kd7 24.Re2 d4 25.Ne6 Bd5 26.Nc7 Bc4 27.Nxa8 Bxe2 28.
Kxe2 Bd6 29.Bxd6 Kxd6 30.g5 Rxa8 31.Kf3 Ke7 32.g6 Rd8 33.Ke4 b5 34.b3 Kf8 
35.Kd3 Rd5 36.Rh1 1-0

[Event "53rd World U20 ch"]
[Site "Pune IND"]
[Date "2014.10.19"]
[Round "13.9"]
[White "Van Kampen, Robin"]
[Black "Aravindh, Chithambaram"]
[Result "1-0"]
[WhiteElo "2641"]
[BlackElo "2475"]
[EventDate "2014.10.06"]
[PlyCount "77"]

1.e4 c5 2.Nf3 Nc6 3.Bb5 e6 4.O-O Nge7 5.Re1 a6 6.Bf1 d5 7.d3 h6 8.Nbd2 g5 
9.exd5 Nxd5 10.Nb3 g4 11.Nfd2 f5 12.Nc4 b5 13.Ne3 Be7 14.Nxd5 Qxd5 15.Be3 
Rb8 16.Qc1 Nd4 17.c4 bxc4 18.dxc4 Qd8 19.Bxd4 cxd4 20.Qf4 Qd6 21.Qxd6 Bxd6
22.c5 Be7 23.Nxd4 Rxb2 24.Nxe6 Kf7 25.Bc4 Kf6 26.Rac1 Rd2 27.Bb3 a5 28.Nf4
Bd8 29.g3 a4 30.Bxa4 Rxa2 31.Bb3 Rb2 32.Bc4 Ba5 33.Nd5+ Kg6 34.Re7 Rd8 35.
Ra1 Bd2 36.Raa7 Rb1+ 37.Kg2 f4 38.Bd3+ Kh5 39.Re5+ 1-0

[Event "53rd World U20 ch"]
[Site "Pune IND"]
[Date "2014.10.19"]
[Round "13.10"]
[White "Prasanna, Raghuram Rao"]
[Black "Grigorian, Karen H."]
[Result "1/2-1/2"]
[WhiteElo "2447"]
[BlackElo "2591"]
[EventDate "2014.10.06"]
[PlyCount "109"]

1.e4 d6 2.d4 Nf6 3.Nc3 e5 4.Nf3 Nbd7 5.Bc4 Be7 6.O-O O-O 7.a4 a6 8.h3 b6 
9.Re1 Bb7 10.Bg5 c6 11.Bb3 h6 12.Be3 b5 13.axb5 axb5 14.Rxa8 Bxa8 15.dxe5 
dxe5 16.Nh4 b4 17.Na4 c5 18.Ng6 Re8 19.f3 Bc6 20.c3 Qa5 21.Nxe7+ Rxe7 22.
Qa1 c4 23.cxb4 Qxb4 24.Bc2 Re8 25.Nc3 Ra8 26.Qc1 Rb8 27.Bd1 Nc5 28.Be2 Nb3
29.Qd1 Ra8 30.Kf2 Kf8 31.Nb1 Ne8 32.Na3 Nd6 33.Nc2 Qb8 34.Bd2 Nxd2 35.Qxd2
Bxe4 36.Ne3 Ra2 37.Qc3 Rxb2 38.Nxc4 Nxc4 39.Qxc4 Qb6+ 40.Kf1 Bb7 41.Qc3 f6
42.Rc1 Rxe2 43.Kxe2 Ba6+ 44.Kd1 Qg1+ 45.Kc2 Qxg2+ 46.Kb3 Qxh3 47.Qc5+ Kg8 
48.Qc6 Bf1 49.Rxf1 Qxf1 50.Qc8+ Kf7 51.Qd7+ Kg6 52.Qg4+ Kh7 53.Qf5+ Kg8 
54.Qc8+ Kf7 55.Qd7+ 1/2-1/2

[Event "53rd World U20 ch"]
[Site "Pune IND"]
[Date "2014.10.19"]
[Round "13.11"]
[White "Das, Sayantan"]
[Black "Abasov, Nijat"]
[Result "1/2-1/2"]
[WhiteElo "2456"]
[BlackElo "2528"]
[EventDate "2014.10.06"]
[PlyCount "84"]

1.e4 e5 2.Nf3 Nc6 3.Bb5 a6 4.Ba4 Nge7 5.c3 g6 6.d4 exd4 7.cxd4 b5 8.Bc2 d5
9.exd5 Nxd5 10.O-O Be6 11.Bg5 Be7 12.Bh6 Bf8 13.Qd2 Bxh6 14.Qxh6 Qd6 15.
Nc3 O-O-O 16.Be4 f5 17.Bxd5 Bxd5 18.Nxd5 Qxd5 19.Rfd1 Rd7 20.a4 b4 21.Rac1
Re8 22.Qd2 Re4 23.Qd3 Kb7 24.Rc4 g5 25.Rdc1 Nxd4 26.Rxb4+ Nb5 27.Qxd5+ 
Rxd5 28.Rxe4 fxe4 29.axb5 exf3 30.bxa6+ Kxa6 31.gxf3 c5 32.Kf1 Kb5 33.Ke2 
Re5+ 34.Kd3 Rf5 35.Ke3 Re5+ 36.Kd3 Rf5 37.Ke3 h6 38.h4 Re5+ 39.Kd3 Rd5+ 
40.Ke3 Re5+ 41.Kd3 Rd5+ 42.Ke3 Re5+ 1/2-1/2

[Event "53rd World U20 ch"]
[Site "Pune IND"]
[Date "2014.10.19"]
[Round "13.12"]
[White "Kriebel, Tadeas"]
[Black "Rajpara, Ankit"]
[Result "1-0"]
[WhiteElo "2428"]
[BlackElo "2508"]
[EventDate "2014.10.06"]
[PlyCount "86"]

1.e4 c6 2.d4 d5 3.Nc3 dxe4 4.Nxe4 Bf5 5.Ng3 Bg6 6.h4 h6 7.Nf3 Nd7 8.h5 Bh7
9.Bd3 Bxd3 10.Qxd3 e6 11.Bd2 Ngf6 12.O-O-O Be7 13.Ne4 Nxe4 14.Qxe4 Nf6 15.
Qe2 Qd5 16.Kb1 Qe4 17.Be3 Ng4 18.Nd2 Qf5 19.Rh3 Nxe3 20.fxe3 e5 21.e4 Qd7 
22.dxe5 Qe6 23.Rd3 Qxe5 24.Rd7 b5 25.Qg4 Qg5 26.Qh3 O-O 27.Nf3 Qc5 28.e5 
Rad8 29.Rxd8 Bxd8 30.Qg4 Be7 31.a3 a5 32.Rd7 b4 33.axb4 axb4 34.Qd4 Ra8 
35.Qxc5 Bxc5 36.Rc7 Ra6 37.Rc8+ Bf8 38.Nd4 c5 39.Nc6 g6 40.hxg6 Kg7 41.
gxf7 Kxf7 42.e6+ Kxe6 43.Nb8 Kd5 1-0

[Event "53rd World U20 ch"]
[Site "Pune IND"]
[Date "2014.10.19"]
[Round "13.13"]
[White "Anurag, Mhamal"]
[Black "Bajarani, Ulvi"]
[Result "0-1"]
[WhiteElo "2442"]
[BlackElo "2496"]
[EventDate "2014.10.06"]
[PlyCount "88"]

1.d4 d5 2.c4 c6 3.Nf3 Nf6 4.Qb3 dxc4 5.Qxc4 Bf5 6.g3 e6 7.Bg2 Nbd7 8.O-O 
Be7 9.e3 O-O 10.Qe2 Qa5 11.Nbd2 Ne4 12.Nh4 Bxh4 13.gxh4 Nef6 14.e4 Bg4 15.
f3 Bh5 16.Nc4 Qa6 17.b3 Rfd8 18.Qf2 Bg6 19.Bg5 h6 20.Be3 Nh5 21.Bh3 Qb5 
22.Kh1 Qb4 23.Bc1 Qb5 24.Rg1 Kh7 25.Ba3 a5 26.Bf1 a4 27.Be7 Re8 28.Bd6 
axb3 29.a4 Rxa4 30.Nb2 Rxa1 31.Bxb5 Rxg1+ 32.Kxg1 cxb5 33.Qe3 f5 34.e5 Nb6
35.Qxb3 Rc8 36.Bc5 Nd5 37.Qxb5 b6 38.Qd7 Rc7 39.Qxe6 Nhf4 40.Qd6 bxc5 41.
dxc5 Rb7 42.Nc4 Rb4 43.Qa6 Nh3+ 44.Kg2 Ndf4+ 0-1

[Event "53rd World U20 ch"]
[Site "Pune IND"]
[Date "2014.10.19"]
[Round "13.14"]
[White "Csonka, Balazs"]
[Black "Grover, Sahaj"]
[Result "1-0"]
[WhiteElo "2412"]
[BlackElo "2491"]
[EventDate "2014.10.06"]
[PlyCount "71"]

1.d4 f5 2.g3 Nf6 3.Bg2 g6 4.Nh3 Bg7 5.Nf4 d6 6.d5 c6 7.c4 e5 8.dxe6 Na6 9.
O-O Nc5 10.Nc3 O-O 11.Be3 Nxe6 12.Nxe6 Bxe6 13.b3 Qa5 14.Rc1 Rad8 15.Qd2 
Nh5 16.Bd4 Be5 17.e3 c5 18.Bxe5 dxe5 19.Qb2 e4 20.f3 Qb4 21.a3 Qb6 22.fxe4
fxe4 23.Rxf8+ Rxf8 24.Nxe4 Bf5 25.Ng5 Qf6 26.Qxf6 Nxf6 27.e4 Bc8 28.e5 Ng4
29.Bd5+ Kg7 30.e6 Nf6 31.Re1 Re8 32.Nf7 b6 33.g4 g5 34.h4 h6 35.hxg5 hxg5 
36.Re5 1-0

[Event "53rd World U20 ch"]
[Site "Pune IND"]
[Date "2014.10.19"]
[Round "13.15"]
[White "Kovalev, Vladislav"]
[Black "Viani D`Cunha, Antonio"]
[Result "1-0"]
[WhiteElo "2548"]
[BlackElo "2257"]
[EventDate "2014.10.06"]
[PlyCount "63"]

1.e4 c5 2.Nf3 e6 3.d4 cxd4 4.Nxd4 a6 5.Nc3 b5 6.Bd3 Bb7 7.O-O Qb6 8.Nf3 
Nc6 9.e5 d6 10.exd6 Bxd6 11.Bxb5 Bxh2+ 12.Nxh2 axb5 13.Be3 Qa6 14.Ne4 Rd8 
15.Qg4 g6 16.Qf4 Nce7 17.Nc5 Qc6 18.Nxb7 Qxb7 19.Qe5 f6 20.Qxe6 Qd5 21.Qg4
Nf5 22.Rfd1 Qa8 23.Rxd8+ Qxd8 24.Rd1 Qa8 25.Bc5 Qc6 26.Qb4 Ngh6 27.a4 Kf7 
28.Qxb5 Qxb5 29.axb5 Ke6 30.g4 Nh4 31.c4 Nf7 32.Re1+ 1-0

[Event "53rd World U20 ch"]
[Site "Pune IND"]
[Date "2014.10.19"]
[Round "13.16"]
[White "Lokesh, P."]
[Black "Antipov, Mikhail"]
[Result "0-1"]
[WhiteElo "2303"]
[BlackElo "2524"]
[EventDate "2014.10.06"]
[PlyCount "72"]

1.e4 c5 2.Nf3 d6 3.d4 cxd4 4.Nxd4 Nf6 5.Nc3 a6 6.Be2 e6 7.O-O Be7 8.Be3 
Qc7 9.f4 O-O 10.g4 Re8 11.g5 Nfd7 12.a4 Nc6 13.Nb3 b6 14.Bf3 Bb7 15.Bg2 
Bf8 16.Rf3 g6 17.Rh3 Bg7 18.Qe1 Nb4 19.Rc1 Rab8 20.Nd4 Nc6 21.Nb3 Na5 22.
Nxa5 bxa5 23.Qh4 Nf8 24.Ba7 Bxe4 25.Nxe4 Qxa7+ 26.Kh1 Rxb2 27.Nf6+ Bxf6 
28.gxf6 h5 29.Qg3 Reb8 30.Rxh5 Rb1 31.Rf1 Rxf1+ 32.Bxf1 Rb1 33.Kg2 Qb7+ 
34.Kg1 Qb6+ 35.Kg2 Qc6+ 36.Kg1 Qc4 0-1

[Event "53rd World U20 ch"]
[Site "Pune IND"]
[Date "2014.10.19"]
[Round "13.17"]
[White "Sunilduth Lyna, Narayanan"]
[Black "Koksal, Ege"]
[Result "1/2-1/2"]
[WhiteElo "2420"]
[BlackElo "2321"]
[EventDate "2014.10.06"]
[PlyCount "101"]

1.d4 d5 2.c4 dxc4 3.e4 Nf6 4.e5 Nd5 5.Bxc4 Nc6 6.Nc3 Nb6 7.Bb5 Be6 8.Nge2 
Bd5 9.O-O e6 10.Nf4 Qd7 11.Be3 a6 12.Be2 Ne7 13.Rc1 Bc6 14.Bf3 Bxf3 15.
Qxf3 c6 16.d5 Nbxd5 17.Rfd1 Ng6 18.Na4 Ngxf4 19.Nb6 Qd8 20.Nxa8 Nxg2 21.
Kxg2 Qxa8 22.Rc4 Qb8 23.Qg3 g6 24.a3 Bg7 25.Re4 b6 26.Bg5 c5 27.Bf6 Bxf6 
28.exf6 Qxg3+ 29.hxg3 Nxf6 30.Ra4 a5 31.b4 Nd5 32.Rc1 cxb4 33.Rc8+ Ke7 34.
Rxh8 Nc3 35.axb4 Nxa4 36.bxa5 bxa5 37.Ra8 Nc3 38.Rxa5 Nd5 39.f4 Kf6 40.Kf3
h6 41.Ra7 g5 42.Rd7 gxf4 43.gxf4 Kg6 44.f5+ Kxf5 45.Rxf7+ Nf6 46.Ra7 e5 
47.Ra5 h5 48.Kg3 Ne4+ 49.Kh4 Nf6 50.Kg3 Ng4 51.Kh4 1/2-1/2

[Event "53rd World U20 ch"]
[Site "Pune IND"]
[Date "2014.10.19"]
[Round "13.18"]
[White "Beradze, Irakli"]
[Black "Gagare, Shardul"]
[Result "0-1"]
[WhiteElo "2318"]
[BlackElo "2419"]
[EventDate "2014.10.06"]
[PlyCount "40"]

1.Nf3 c5 2.e4 g6 3.c3 Bg7 4.d4 cxd4 5.cxd4 d5 6.e5 Nc6 7.Nc3 Bg4 8.Bb5 f6 
9.Bf4 a6 10.Bxc6+ bxc6 11.Qa4 Qd7 12.Nd2 Nh6 13.exf6 Qe6+ 14.Kf1 O-O 15.f3
Qxf6 16.Be5 Qg5 17.Bxg7 Qxd2 18.Bxf8 Rxf8 19.Qd1 Rxf3+ 20.Qxf3 Bxf3 0-1

[Event "53rd World U20 ch"]
[Site "Pune IND"]
[Date "2014.10.19"]
[Round "13.19"]
[White "Johansson, Linus"]
[Black "Puranik, Abhimanyu"]
[Result "1/2-1/2"]
[WhiteElo "2401"]
[BlackElo "2269"]
[EventDate "2014.10.06"]
[PlyCount "102"]

1.d4 Nf6 2.c4 g6 3.g3 Bg7 4.Bg2 d5 5.cxd5 Nxd5 6.Nf3 Nb6 7.Nc3 Nc6 8.e3 
O-O 9.O-O Re8 10.d5 Bxc3 11.dxc6 Bf6 12.Nd4 bxc6 13.Nxc6 Qxd1 14.Rxd1 Bg4 
15.Rd2 a5 16.h3 Be6 17.Rc2 Ra6 18.Nd4 Bc4 19.b3 e5 20.bxc4 exd4 21.Rb1 Na4
22.exd4 Bxd4 23.Bf3 Nc5 24.Rd2 Re1+ 25.Kg2 Rb6 26.Rb5 Rxb5 27.cxb5 Rxc1 
28.Rxd4 Rc2 29.Bd5 Kg7 30.Rc4 Rxc4 31.Bxc4 Ne4 32.f4 h5 33.Bb3 Kf6 34.Kf3 
Nd6 35.a4 Ke7 36.g4 hxg4+ 37.hxg4 Nb7 38.Ke3 Nc5 39.Bc2 Kd6 40.Kd4 Ne6+ 
41.Ke4 f5+ 42.Ke3 fxg4 43.Bxg6 g3 44.Be4 Nc5 45.Bc2 g2 46.Kf2 Ne6 47.f5 
Nf4 48.Bb1 Ke5 49.Kg1 Nd5 50.Kxg2 Ne3+ 51.Kf2 Nxf5 1/2-1/2

[Event "53rd World U20 ch"]
[Site "Pune IND"]
[Date "2014.10.19"]
[Round "13.20"]
[White "Ider, Borya"]
[Black "Kumaran, Balaji"]
[Result "1/2-1/2"]
[WhiteElo "2394"]
[BlackElo "2239"]
[EventDate "2014.10.06"]
[PlyCount "91"]

1.d4 Nf6 2.c4 e6 3.g3 d5 4.Nf3 Be7 5.Bg2 O-O 6.O-O dxc4 7.Ne5 Nc6 8.Bxc6 
bxc6 9.Nxc6 Qe8 10.Nxe7+ Qxe7 11.Qa4 e5 12.dxe5 Qxe5 13.Qxc4 Be6 14.Qd3 
Rfd8 15.Qe3 Qh5 16.f3 Bh3 17.Re1 Re8 18.Qf2 Nd5 19.Bd2 Rab8 20.b3 Rbd8 21.
Na3 Nb6 22.Bc3 Be6 23.Rad1 a5 24.Nc2 a4 25.Nd4 Qg6 26.Nc6 Ra8 27.Qc5 Qh6 
28.Ne7+ Kh8 29.e4 axb3 30.axb3 Nd7 31.Qb4 Rab8 32.Qa3 Ra8 33.Qb4 Rab8 34.
Nf5 Rxb4 35.Nxh6 Rxb3 36.Nxf7+ Kg8 37.Ng5 Rxc3 38.Nxe6 Ne5 39.Ng5 h6 40.f4
Nd3 41.Re3 Nxf4 42.Rxc3 Ne2+ 43.Kg2 Nxc3 44.Rc1 Nxe4 45.Nxe4 Rxe4 46.Rxc7 
1/2-1/2

[Event "53rd World U20 ch"]
[Site "Pune IND"]
[Date "2014.10.19"]
[Round "13.21"]
[White "Visakh, N. R."]
[Black "Arat, Ufuk Sezen"]
[Result "1/2-1/2"]
[WhiteElo "2300"]
[BlackElo "2357"]
[EventDate "2014.10.06"]
[PlyCount "179"]

1.d4 Nf6 2.Nf3 e6 3.c4 b6 4.g3 Bb7 5.Bg2 Be7 6.O-O O-O 7.Re1 c5 8.d5 exd5 
9.Nh4 Ne4 10.cxd5 Bxh4 11.Bxe4 Bf6 12.Nc3 d6 13.Qc2 h6 14.Bf4 Qe7 15.Bh7+ 
Kh8 16.Bf5 Bc8 17.Nb5 Bxf5 18.Qxf5 Rd8 19.e4 Na6 20.Bxd6 Qe8 21.a4 Bxb2 
22.Rab1 Bf6 23.e5 Be7 24.Bc7 Rxd5 25.Rbd1 Rxd1 26.Rxd1 Qf8 27.Rd7 Nxc7 28.
Nxc7 Rd8 29.Nd5 Rxd7 30.Qxd7 Qd8 31.Qb7 c4 32.Nxe7 c3 33.Nc6 Qd1+ 34.Kg2 
Qd5+ 35.f3 Qa2+ 36.Kh3 Qe6+ 37.g4 c2 38.Ne7 Kh7 39.Qe4+ g6 40.Qxc2 Qxe7 
41.Qc4 Kg7 42.Qd4 Qe6 43.Kg3 a6 44.h4 h5 45.g5 b5 46.axb5 axb5 47.Qb2 Qe8 
48.e6+ Kg8 49.e7 Qxe7 50.Qxb5 Qd6+ 51.Kg2 Qf4 52.Qe8+ Kg7 53.Qe1 Kf8 54.
Qg3 Qd2+ 55.Qf2 Qd5 56.Qb2 Ke8 57.Qb8+ Kd7 58.Qa7+ Ke6 59.Qb6+ Qd6 60.Qb3+
Qd5 61.Qb6+ Kd7 62.Qa7+ Kc6 63.Qa8+ Kc5 64.Qa5+ Kd4 65.Qd2+ Ke5 66.Qc3+ 
Kd6 67.Qf6+ Kd7 68.Qb2 Kc6 69.Qc3+ Kb5 70.Qc7 Qc4 71.Qd7+ Kb4 72.Kg3 Kc3 
73.Qd6 Kc2 74.Qd7 Kc3 75.Qd6 Qe6 76.Qa3+ Kd2 77.Qb2+ Ke3 78.Qc3+ Ke2 79.
Qc2+ Ke3 80.Qc3+ Ke2 81.Qc2+ Ke3 82.Qc1+ Ke2 83.Qb2+ Ke3 84.Qc3+ Ke2 85.
Qc2+ Ke3 86.Qc1+ Ke2 87.Qb2+ Ke3 88.Qa3+ Ke2 89.Qb2+ Ke3 90.Qc3+ 1/2-1/2

[Event "53rd World U20 ch"]
[Site "Pune IND"]
[Date "2014.10.19"]
[Round "13.22"]
[White "Gahan, M. G."]
[Black "Cabarkapa, Novak"]
[Result "1-0"]
[WhiteElo "2252"]
[BlackElo "2379"]
[EventDate "2014.10.06"]
[PlyCount "53"]

1.e4 e6 2.b3 d5 3.Bb2 Nf6 4.e5 Nfd7 5.c4 Nb6 6.Nf3 c5 7.cxd5 exd5 8.d4 Nc6
9.Bb5 a6 10.Bxc6+ bxc6 11.O-O Bg4 12.dxc5 Bxc5 13.Qc1 Nd7 14.e6 fxe6 15.
Ne5 Nxe5 16.Bxe5 Qe7 17.b4 Bxb4 18.Qxc6+ Kf7 19.Rc1 Rac8 20.Qxc8 Rxc8 21.
Rxc8 Qg5 22.Rc7+ Ke8 23.f4 Qg6 24.Rxg7 Qc2 25.Nd2 Bc5+ 26.Kh1 Bd1 27.Rb1 
1-0

[Event "53rd World U20 ch"]
[Site "Pune IND"]
[Date "2014.10.19"]
[Round "13.23"]
[White "Repka, Christopher"]
[Black "Nishant, Malhotra"]
[Result "1-0"]
[WhiteElo "2418"]
[BlackElo "2129"]
[EventDate "2014.10.06"]
[PlyCount "101"]

1.Nf3 Nf6 2.c4 g6 3.d4 d5 4.cxd5 Nxd5 5.g3 Bg7 6.Bg2 Nb6 7.Nc3 Nc6 8.O-O 
Nxd4 9.Nxd4 Qxd4 10.a4 Qxd1 11.Rxd1 Bxc3 12.bxc3 a5 13.Bf4 c6 14.Bc7 Nd5 
15.Bxd5 cxd5 16.Rxd5 Be6 17.Rxa5 Kd7 18.Rc5 Rhc8 19.Rd1+ Ke8 20.a5 Bd7 21.
Rd4 Ra6 22.c4 Rc6 23.Rxc6 Bxc6 24.Bb6 Bd7 25.f3 f6 26.c5 Bb5 27.Kf2 Kf7 
28.e4 Re8 29.Rd2 e5 30.Bc7 Rc8 31.Bd6 Ra8 32.Rb2 Bc6 33.Ra2 h5 34.Ke3 Ke6 
35.Bc7 Rc8 36.Bb6 Bb5 37.Rb2 Bc6 38.Rd2 Ke7 39.h3 Bb5 40.g4 hxg4 41.hxg4 
g5 42.Rh2 Bd7 43.Rh7+ Ke8 44.Kd2 Rc6 45.Kc3 Rc8 46.Kb4 Rc6 47.Ba7 Rc8 48.
Bb8 Rc6 49.Bd6 Bc8 50.Rg7 Ra6 51.Re7+ 1-0

[Event "53rd World U20 ch"]
[Site "Pune IND"]
[Date "2014.10.19"]
[Round "13.24"]
[White "Deac, Bogdan-Daniel"]
[Black "Chakravarthi Reddy, M."]
[Result "1-0"]
[WhiteElo "2402"]
[BlackElo "2217"]
[EventDate "2014.10.06"]
[PlyCount "85"]

1.Nf3 f5 2.g3 Nf6 3.Bg2 g6 4.O-O Bg7 5.d4 O-O 6.b4 Ne4 7.c4 d6 8.Bb2 c5 9.
bxc5 dxc5 10.e3 Nc6 11.Na3 Be6 12.Qe2 Qb6 13.Rab1 cxd4 14.exd4 Bxd4 15.Ba1
Qc5 16.Nxd4 Nxd4 17.Qb2 Nf6 18.Qxd4 Qxa3 19.Rxb7 Rad8 20.Qxa7 Qxa7 21.Rxa7
Bxc4 22.Rc1 Bd5 23.Bxf6 Rxf6 24.Bxd5+ Rxd5 25.Rxe7 Rf7 26.Rxf7 Kxf7 27.a4 
Ra5 28.Ra1 Ke6 29.Kg2 Kd5 30.Kf3 Kc4 31.h4 Kb3 32.Rb1+ Kc2 33.Rb7 Rxa4 34.
Rxh7 Kd2 35.Re7 Ra3+ 36.Kg2 Ra6 37.Kh3 Kd3 38.Re5 Kd4 39.f4 Rf6 40.g4 Rf7 
41.Kg3 Rf8 42.h5 gxh5 43.Rxf5 1-0

[Event "53rd World U20 ch"]
[Site "Pune IND"]
[Date "2014.10.19"]
[Round "13.26"]
[White "Bersamina, Paulo"]
[Black "Yogit, S."]
[Result "1-0"]
[WhiteElo "2380"]
[BlackElo "1954"]
[EventDate "2014.10.06"]
[PlyCount "55"]

1.e4 c5 2.Nc3 Nc6 3.Bb5 Nd4 4.Nf3 Nxb5 5.Nxb5 d6 6.d4 cxd4 7.Qxd4 e5 8.Qc3
Rb8 9.Nc7+ Kd7 10.Nd5 Ne7 11.Ne3 Nc6 12.O-O Be7 13.b4 Bf6 14.Qd2 Ke8 15.b5
Nd4 16.Nxd4 exd4 17.Nd5 d3 18.c3 Be6 19.Qxd3 Bxd5 20.Qxd5 Bxc3 21.Rb1 Qe7 
22.Qc4 Bf6 23.Ba3 Kd7 24.Bxd6 Qxd6 25.Rbd1 Rhc8 26.Qxf7+ Be7 27.e5 Rf8 28.
Rxd6+ 1-0

[Event "53rd World U20 ch"]
[Site "Pune IND"]
[Date "2014.10.19"]
[Round "13.27"]
[White "Prince, Bajaj"]
[Black "Nasanjargal, Urtnasan"]
[Result "0-1"]
[WhiteElo "2369"]
[BlackElo "2330"]
[EventDate "2014.10.06"]
[PlyCount "76"]

1.e4 c5 2.Nf3 d6 3.d4 cxd4 4.Nxd4 Nf6 5.Nc3 a6 6.Be2 e5 7.Nb3 Be7 8.O-O 
O-O 9.Be3 Be6 10.Qd3 Nbd7 11.Nd5 Bxd5 12.exd5 Qc7 13.c4 a5 14.Rac1 a4 15.
Nd2 Qa5 16.c5 Nxc5 17.Bxc5 dxc5 18.d6 Rfd8 19.Nc4 Qa6 20.Rfd1 b5 21.Qf3 e4
22.Qf5 Bf8 23.Na3 Bxd6 24.Nxb5 Bf8 25.Bc4 Qb6 26.Nc3 g6 27.Qf4 Bd6 28.Qg5 
Be7 29.Qe5 Bd6 30.Qg5 Bf8 31.Qf4 Re8 32.Nd5 Nxd5 33.Rxd5 Ra7 34.b3 Bg7 35.
Re1 axb3 36.Bxb3 c4 37.Bxc4 Qb4 38.Qc1 Rc7 0-1